| 000 | 00358nam a2200145Ia 4500 | ||
|---|---|---|---|
| 008 | 230917s9999||||xx |||||||||||||| ||und|| | ||
| 040 |
_e203112 _aMAIN |
||
| 041 | _aEnglish | ||
| 082 | _a294.1 A22E | ||
| 100 | _aArchak, K B | ||
| 245 | 0 | _aEssentials of Vedic literature | |
| 260 |
_aNew Delhi _bKaveri Books _c2012 |
||
| 300 | _axvi, 427 p. | ||
| 942 | _cBK | ||
| 999 |
_c172086 _d172086 |
||